| 000 | 01066nam a22002177a 4500 | ||
|---|---|---|---|
| 003 | OSt | ||
| 005 | 20260122194520.0 | ||
| 008 | 230309b ||||| |||| 00| 0 eng d | ||
| 040 | _cOst | ||
| 041 | _ashan | ||
| 082 | _a808.4 | ||
| 245 |
_aပပ်ႉမၢႆတွင်းပွႆးယၢတ်ႇၼမ်ႉၵျွင်းမႂ်ႇမင်ႇၵလႃႇမူၺ်ႇတေႃႇဝဵင်ႈပၢင်လူင် _cၸဝ်ႈၶူးၼၼ်ႇတိယ (ပၢင်လူင်) ၶပ်းၶိုင်- |
||
| 260 |
_aတႃႈၵုင်ႈ _bၵတ်း _c2007 |
||
| 300 |
_a(f) 174 ၼႃႈ _bၶႅပ်းႁၢင်ႈ (သီ)၊ လွၵ်း _c35 ၸိၼ်ႇထီႇ |
||
| 500 | _aS-SAT: Dr. Prof Sai Aung Tun | ||
| 500 | _aပပ်ႉၸဝ်ႈတႃႇၼႁၢင်းၶေႃ တွၵ်ႉတိူဝ်ႉၸၢႆးဢွင်ႇထုၼ်း | ||
| 504 | _aပႃးၽိုၼ်ဢိင် | ||
| 650 |
_aလိၵ်ႈႁွမ်တွမ် _920801 |
||
| 942 | _cBK1 | ||
| 942 | _2ddc | ||
| 999 |
_c23061 _d23061 |
||